The factors influencing shorthand skills of the Bachelor of Science in Office Administration III students in Rizal State College / (Record no. 73002)
[ view plain ]
| 000 -LEADER | |
|---|---|
| fixed length control field | 01202nam a22002657i 4500 |
| 050 14 - LIBRARY OF CONGRESS CALL NUMBER | |
| Classification number | Z 53 |
| Item number | Sh818 2000 |
| 003 - CONTROL NUMBER IDENTIFIER | |
| control field | URS |
| 005 - DATE AND TIME OF LATEST TRANSACTION | |
| control field | 20240412231311.0 |
| 008 - FIXED-LENGTH DATA ELEMENTS--GENERAL INFORMATION | |
| fixed length control field | 180201b xxu||||| |||| 00| 0 eng d |
| 100 1# - MAIN ENTRY--PERSONAL NAME | |
| Personal name | Allauigan, Judith H, |
| Relator term | author |
| 260 #1 - PUBLICATION, DISTRIBUTION, ETC. | |
| Date of publication, distribution, etc. | 2000. |
| 245 10 - TITLE STATEMENT | |
| Title | The factors influencing shorthand skills of the Bachelor of Science in Office Administration III students in Rizal State College / |
| Statement of responsibility, etc. | Judith H. Allauigan. |
| 300 ## - PHYSICAL DESCRIPTION | |
| Extent | xvi, 63 leaves : |
| Other physical details | illustrations ; |
| Dimensions | 28 cm |
| 336 ## - CONTENT TYPE | |
| Source | rdacontent |
| Content type term | text |
| 337 ## - MEDIA TYPE | |
| Source | rdamedia |
| Media type term | unmediated |
| 338 ## - CARRIER TYPE | |
| Source | rdacarrier |
| Carrier type term | volume |
| 502 ## - DISSERTATION NOTE | |
| Dissertation note | Thesis |
| Degree type | Bachelor of Science in Business Administration |
| Name of granting institution | University of Rizal System |
| Year degree granted | 2000 |
| 504 ## - BIBLIOGRAPHY, ETC. NOTE | |
| Bibliography, etc. note | Includes bibliographical references. |
| 520 ## - SUMMARY, ETC. | |
| Summary, etc. | The study was primarily aimed to determine the factors influencing the shorthand skills of the bachelor of science in office administration III students in Rizal State College. |
| 610 24 - SUBJECT ADDED ENTRY--CORPORATE NAME | |
| Corporate name or jurisdiction name as entry element | University of Rizal System |
| General subdivision | Undergraduates |
| 650 #0 - SUBJECT ADDED ENTRY--TOPICAL TERM | |
| Topical term or geographic name entry element | Shorthand |
| 700 1# - ADDED ENTRY--PERSONAL NAME | |
| Personal name | Quinto, Ma. Angela R. |
| Relator term | degree supervisor |
| 856 ## - ELECTRONIC LOCATION AND ACCESS | |
| Materials specified | Online Request for Student Unpublished Works |
| Uniform Resource Identifier | <a href="https://forms.gle/7LqvGGkaDrUQqz429">https://forms.gle/7LqvGGkaDrUQqz429</a> |
| 942 ## - ADDED ENTRY ELEMENTS (KOHA) | |
| Source of classification or shelving scheme | Library of Congress Classification |
| Koha item type | Theses and dissertations |
No items available.